00586cam a2200169 a 450000500170000000800410001702000180005804000460007610000440012224500650016626000400023130000420027165000290031365000430034265000130038565000180039820181122150940.0060502s2006 nyuab b 001 0 eng  a9781403971074 aCO-BoUCMbspacDoris ForerodDoris Forero1 aCluster, Dick and Hernández, Rafael 14aThe history of Havana cDick Cluster and Rafael Hernández. aNew York bPalgrave Macmillanc2006 a300 páginas bIlustraciones, mapas  7aHistoria zHavana (Cuba) 7aDescripciones y viajes zHavana (Cuba) 7aCultura  7aRevolución